Matemáticas : segundo curso

Gespeichert in:
Bibliographische Detailangaben
Körperschaft: Edelvives .
Format: Buch
Sprache:Spanisch
Erschienen: Zaragoza : Luis Vives 1952
Katalog:MANES:  Suchergebnis im Bibliothekskatalog
Schulbuchspezifische Eigenschaften:
Tags: Tag hinzufügen
Keine Tags, Fügen Sie den ersten Tag hinzu!
Hinzugefügt zu:29.11.1999
Geändert in:07.05.2025

MARC

LEADER 00000cam a2200000zi 4500
003 OSt
005 20250507134551.0
008 000000s1952 espa p 000 0 spa d
040 |a uned  |b spa  |c entro-manes 
110 2 |a Edelvives .  |9 36308 
245 1 0 |a Matemáticas :   |b segundo curso /   |c por Edelvives 
260 |a Zaragoza :   |b Luis Vives   |c 1952 
300 |a 248 p. :   |b il  |c 20 x 15 cm.  
500 |a Cartón. Ilustraciones.  
546 |a España 
561 |5 es-BUNED  |3 L.T. 2568  |a España. Fondo Manes UNED  |k MANES 
690 0 |a MATE 
691 0 |a SE 
942 |2 ddc  |c BK 
999 |c 97496  |d 97496 
999 |c manes:97496  |d 97496